Asia V.S. Europe #2 - Statistics

General Stats
  • This quiz has been taken 22 times
  • The average score is 7 of 12
Answer Stats
Question Answer % Correct
Population Tajikistan
95%
Area Tajikistan
86%
Less Dangerous Moldova
77%
GDP Per Capita Moldova
68%
Higher Life Expectancy Moldova
64%
Older (By Establishment Date) Moldova
50%
Happier Moldova
50%
Will Be Home To The World’s Highest Dam Tajikistan
50%
Home To The World’s Largest Bottle-Shaped Building Moldova
45%
Winner?
41%
Bigger Capital Moldova
36%
Military Strength Moldova
32%
No matching quizzes found
Score Distribution
Percent of People with Each Score
Percentile by Number Answered
Your Score History
You have not taken this quiz